Morceaux de Columbine - Statistiques

Statistiques générales
  • Ce quiz a été pris 568 fois
  • Le résultat moyen est 34 sur 62
Statistiques - réponses
Réponse % Correct
Adieu bientôt
89%
Enfants terribles
87%
Les prélis
84%
Cache-cache
80%
Temps électrique
70%
C'est pas grave
69%
Dom Pérignon
69%
Rémi
69%
Talkie-walkie
69%
Château de sable
66%
Clubbing For Columbine
65%
Été triste
65%
Fireworks
65%
Borderline
62%
Chambre 112
59%
Éléphant
59%
Vicomte
59%
Bart Simpson
58%
Bateau ivre
58%
Dans ma chambre
58%
Fond de la classe
58%
1000
57%
Les caméléons
57%
Fleurs du mal
55%
Bluray
54%
Le bal des fous
54%
Vampire
54%
La reine du bal
53%
Mandragore
53%
Virgin Suicide
53%
2K17
52%
Avalanches
52%
College Rules
52%
Testament
51%
Jrefaiscequejevois
50%
Labo photo
50%
La gloire ou l'asile
50%
Mode avion
50%
Puzzle
50%
Zone 51
50%
Drama
47%
L'école
47%
Stockholm
47%
Woohoo
47%
Age d'or
46%
Biographie
45%
Boîte noire
45%
Indochine
45%
Mirador
45%
Teen Spirit
45%
Topless
45%
Blabla
44%
Littleton
44%
Brûler
43%
En vain
43%
Rayon X
42%
Document 1
39%
Retour IRL
39%
Blue Velvet
37%
Toute la night
37%
Balade sauvage
34%
Main propre
32%
Aucun quiz correspondant
Distribution des résultats
% des personnes avec chaque résultat
Percentile par nombre de réponses
Votre historique - résultats
Vous n’avez pas pris ce quiz